All train stations in Dorset - Statistics

General Stats
  • This quiz has been taken 58 times
  • The average score is 13 of 21
Answer Stats
Group Answer % Correct
South West main line Bournemouth
95%
South West main line Weymouth
95%
South West main line Poole
90%
South West main line Dorchester South
87%
South West main line Christchurch
82%
Heart of Wessex line Dorchester West
77%
South West main line Upwey
77%
South West main line Wareham
77%
West of England line Gillingham
62%
South West main line Pokesdown
62%
South West main line Wool
62%
South West main line Branksome
56%
South West main line Parkstone
54%
West of England line Sherborne
54%
South West main line Hamworthy
51%
South West main line Moreton
49%
Heart of Wessex line Chetnole
46%
South West main line Holton Heath
46%
Heart of Wessex line Maiden Newton
46%
Heart of Wessex line Yetminster
44%
Heart of Wessex line Thornford
38%
No matching quizzes found
Score Distribution
Percent of People with Each Score
Percentile by Number Answered
Your Score History
You have not taken this quiz